000 01814nam2a22002651 4500
001 RU\NLR\INFOCOMM33\1000074453
005 20040424132750.0
035 _a(NLR Aleph) 002531794
090 _a2855732
_c2855732
100 _a20040424d1981 |||y0rusy50 ba
101 0 _arus
102 _aRU
105 _ay |||||||||
200 1 _aОпыт проектирования гидросооружений лиманного орошения в условиях вечной мерзлоты
_fЛ.Н. Слоев, В.В. Федунов
210 _d1981
461 0 _1001RU\NLR\INFOCOMM33\1000073313
_12001#$aМелиорация и водное хозяйство$eОбзор. информ.$iСерия "Информационное обеспечение целевой комплексной научно-технической программы и программ по решению научно-технических проблем"$fМ-во мелиорации и вод. хоз-ва СССР. ЦБНТИ (ЦБНТИ Минводхоза СССР)$v1981, №11
_92853879
_cМ.
_d1965-
_fМ-во мелиорации и вод. хоз-ва СССР. ЦБНТИ (ЦБНТИ Минводхоза СССР)
_iСерия "Информационное обеспечение целевой комплексной научно-технической программы и программ по решению научно-технических проблем"
_oОбзор. информ.
_tМелиорация и водное хозяйство
_x0233-6170
_v1981, №11
700 1 _aСлоев
_bЛ. Н.
_4070
701 1 _aФедунов
_bВ. В.
_4070
801 0 _aRU
_bNLR
_gPSBO
801 1 _aRU
_bInfoComm
_c20040424
852 _aNLR
_jП10/3001
942 _cISSUE
980 _aNB
980 _aRUSPER